| 000 | 00987nac a22002537a 4500 | ||
|---|---|---|---|
| 001 | BR9210722 | ||
| 003 | BR-BrBNA | ||
| 005 | 20240105121252.0 | ||
| 008 | 230509b bl.|||m| |||| 00| 0 por d | ||
| 040 |
_aBR-BrBNA _bpor _cBiblioteca Nacional de Agricultura |
||
| 072 | _aF06 | ||
| 090 | _aF06 BR9210722 | ||
| 100 | 1 | _aConceicao, M.A.F. | |
| 110 | 1 |
_aCentro Nacional de Pesquisa de Agricultura Irrigada, Parnaiba, PI (Brasil) _91744 |
|
| 245 | 1 | _aDimensionamento de tubulacoes e uniformidade de vazao para sistemas de irrigacao por gotejamento | |
| 246 | 1 | _aPiping dimension and uniformity of flowing out for trickle irrigation system | |
| 260 | 3 |
_aParnaiba, PI (Brasil): _c1991. |
|
| 300 | _a9 p. | ||
| 490 |
_aComunicado Tecnico - Centro Nacional de Pesquisa de Agricultura Irrigada (Brazil) _vno. 1 _xISSN 0103-8702 |
||
| 650 | _aIRRIGACAO POR GOTEJAMENTO | ||
| 650 | _aEQUIPAMENTO DE IRRIGACAO | ||
| 909 |
_a202312 _bLúcia Elande _c55 _dLúcia Elande |
||
| 942 |
_2AGRIS _n0 _cMS |
||
| 999 |
_c284319 _d284319 |
||